00293nam a22000977a 4500082001200000100007100012245003700083260004100120650001500161700001900176 a220 PRO aKHUBAIB ULLAH, MUHAMMAD JEHANZEB ALI, MUSTABEEN IQBAL, SAAD NASEEM aPR-SOF-1480-ECG SECURITY SYSYTEM aISLAMABADbNUST COLLEGE OF EMEc2015 aDE-COMP-33 aDR USMAN AKRAM